Cambridge international AS & A level Mathematics : (Record no. 8685)

MARC details
000 -LEADER
fixed length control field 00927nam a22002297a 4500
001 - CONTROL NUMBER
control field 8685
003 - CONTROL NUMBER IDENTIFIER
control field FISKH
005 - DATE AND TIME OF LATEST TRANSACTION
control field 20251010102509.0
008 - FIXED-LENGTH DATA ELEMENTS--GENERAL INFORMATION
fixed length control field 251010b cb ||||| |||| 00| 0 eng d
020 ## - INTERNATIONAL STANDARD BOOK NUMBER
International Standard Book Number 9781108610827
040 ## - CATALOGING SOURCE
Original cataloging agency FISKH
Language of cataloging eng
Transcribing agency FISKH
Modifying agency FISKH
082 ## - DEWEY DECIMAL CLASSIFICATION NUMBER
Classification number 510
100 ## - MAIN ENTRY--PERSONAL NAME
Personal name Chalmers, Dean
245 ## - TITLE STATEMENT
Title Cambridge international AS & A level Mathematics :
Remainder of title Probability & Statistics 1 coursebook /
Statement of responsibility, etc. Dean Chalmers ; Senior Editor : Julian Gilbey
260 ## - PUBLICATION, DISTRIBUTION, ETC.
Place of publication, distribution, etc. New York :
Name of publisher, distributor, etc. Cambridge,
Date of publication, distribution, etc. 2018.
300 ## - PHYSICAL DESCRIPTION
Extent 248 pages :
Other physical details color illustrations ;
Dimensions 28 cm
520 ## - SUMMARY, ETC.
Summary, etc. This coursebook is meticulously designed to support students in mastering the Probability & Statistics 1 component of the Cambridge International AS & A Level Mathematics syllabus.
650 ## - SUBJECT ADDED ENTRY--TOPICAL TERM
Topical term or geographic name entry element Mathematics Education
Form subdivision AS & A Level Mathematics
General subdivision Probability & Statistics
700 ## - ADDED ENTRY--PERSONAL NAME
Personal name Gilbey, Julian
942 ## - ADDED ENTRY ELEMENTS (KOHA)
Source of classification or shelving scheme Dewey Decimal Classification
Koha item type Books
Suppress in OPAC No
Holdings
Withdrawn status Lost status Source of classification or shelving scheme Damaged status Not for loan Collection Home library Current library Shelving location Date acquired Total Checkouts Full call number Barcode Date last seen Copy number Price effective from Koha item type
    Dewey Decimal Classification     Reference Footprints International School Library Network Toul Kork Campus Footprints International School Library Network Toul Kork Campus Librarian's Shelf TK 10/10/2025   CHA 510 2025-4527 10/10/2025 1 10/10/2025 Books